000 01342nam a22002897a 4500
003 OSt
005 20250923093908.0
008 240301b ||||| |||| 00| 0 eng d
040 _c0
082 _aDPer 621.317 Ie21 June 2022 v. 37 n. 6
100 _aYang, Qian.
_eauthor.
_953872
245 _aIncipient residual-based anomaly detection in power electronic devices /
_cQian Yang, Muhammed Ali Gultekin, Vahe Seferian, Krishna Pattipati, Ali M. Bazzi, Francesco A. N. Palmieri, Ravi Rajamani, Shailesh N. Joshi, Muhamed Farooq, and Hiroshi Ukegawa.
260 _aNew York ;
_bThe Institute of Electrical and Electronics Engineers, Inc. ,
_cJune 2022.
300 _aVolume 37, pages 7315-7332 :
_billustration ;
_c29 cm.
500 _aIEEE Transactions on Power Electronics, vol. 37, no. 6, pages 7315-7332, June 2022.
700 _aYang, Qian.
_eauthor.
_953872
700 _aGultekin, Muhammed Ali.
_eauthor.
_953873
700 _aSeferian, Vahe.
_eauthor.
_953874
700 _aPattipati, Krishna.
_eauthor.
_953875
700 _aBazzi, Ali M.
_eauthor.
_953876
700 _aPalmieri, Francesco A. N.
_eauthor.
_953877
700 _aRajamani, Ravi.
_eauthor.
_953878
700 _aJoshi, Shailesh N.
_eauthor.
_953879
700 _aFarooq, Muhamed.
_eauthor.
_953880
700 _aUkegawa, Hiroshi.
_eauthor.
_953881
942 _2ddc
_cPER
999 _c19496
_d19496